000 00513cam a2200205ua 4500
001 7018
005 20260515114137.0
008 141119n ii |||gr||||Z||||||eng
020 _a9789381142660
040 _cMAIN
041 _aeng
082 _a323
100 _aMishra, Swapnendu,
_eAuthor.
245 1 _aProperty rights to tribals :
_bComparative study /
_cBy Swapnendu Mishra .
250 _a1st.
260 _aDelhi:
_bManglam,
_c2013.
300 _axiii,171p.
653 _aHuman rights
942 _cBK
999 _c6153
_d6153